Záväzky v účtovníctve verejnej správy
Pojem záväzok. Obsah záväzku. Záväzky v účtovníctve subjektov verejnej správy. Ilustračné príklady.
Guardado en:
| Autor principal: | |
|---|---|
| Formato: | Capítulo de libro |
| Lenguaje: | eslovaco |
| Materias: | |
| Etiquetas: |
Sin Etiquetas, Sea el primero en etiquetar este registro!
|
MARC
| LEADER | 00000naa a2200000 4500 | ||
|---|---|---|---|
| 001 | 0200557 | ||
| 005 | 20231120130441.5 | ||
| 041 | 0 | |a slo | |
| 044 | |a SK | ||
| 245 | 1 | 0 | |a Záväzky v účtovníctve verejnej správy |c Ján Mintál |
| 520 | |a Pojem záväzok. Obsah záväzku. Záväzky v účtovníctve subjektov verejnej správy. Ilustračné príklady. | ||
| 610 | 2 | 0 | |a účtovníctvo |
| 610 | 2 | 0 | |a záväzky |
| 610 | 2 | 0 | |a správa verejná |
| 100 | 1 | |a Mintál, Ján | |